000 00291nam a22001457a 4500
008 210302b ||||| |||| 00| 0 eng d
020 _a003005293
041 _aeng
080 _a781
082 _a781
100 _a45
101 _aMUZ
245 _aMusic
_cMeske, E.B
942 _2udc
_cBK
999 _c55437
_d55437